The Masters - Statistics

General Stats
  • This quiz has been taken 138 times
  • The average score is 43 of 88
Answer Stats
Hint Answer % Correct
2019 Tiger Woods
96%
2005 Tiger Woods
96%
2002 Tiger Woods
96%
2001 Tiger Woods
96%
1997 Tiger Woods
96%
2024 Scottie Scheffler
95%
2022 Scottie Scheffler
95%
1986 Jack Nicklaus
92%
1975 Jack Nicklaus
92%
1972 Jack Nicklaus
92%
1966 Jack Nicklaus
92%
1965 Jack Nicklaus
92%
1963 Jack Nicklaus
92%
2010 Phil Mickelson
90%
2006 Phil Mickelson
90%
2004 Phil Mickelson
90%
2023 Jon Rahm
84%
1941 Craig Wood
81%
2020 Dustin Johnson
80%
2015 Jordan Spieth
80%
2014 Bubba Watson
78%
2012 Bubba Watson
78%
2007 Zach Johnson
78%
1981 Tom Watson
74%
1977 Tom Watson
74%
2017 Sergio García
71%
1964 Arnold Palmer
70%
1962 Arnold Palmer
70%
1960 Arnold Palmer
70%
1958 Arnold Palmer
70%
1978 Gary Player
67%
1974 Gary Player
67%
1961 Gary Player
67%
2021 Hideki Matsuyama
67%
2013 Adam Scott
62%
2018 Patrick Reed
58%
2000 Vijay Singh
58%
1992 Fred Couples
51%
2016 Danny Willett
50%
2009 Ángel Cabrera
49%
1996 Nick Faldo
44%
1990 Nick Faldo
44%
1989 Nick Faldo
44%
1953 Ben Hogan
43%
1951 Ben Hogan
43%
1993 Bernhard Langer
41%
1985 Bernhard Langer
41%
1999 José María Olazábal
41%
1994 José María Olazábal
41%
1983 Seve Ballesteros
39%
1980 Seve Ballesteros
39%
2008 Trevor Immelman
39%
2003 Mike Weir
38%
2011 Charl Schwartzel
35%
1936 Horton Smith
32%
1934 Horton Smith
32%
1954 Sam Snead
32%
1952 Sam Snead
32%
1949 Sam Snead
32%
1995 Ben Crenshaw
28%
1984 Ben Crenshaw
28%
1998 Mark O'Meara
26%
1982 Craig Stadler
23%
1979 Fuzzy Zoeller
23%
1935 Gene Sarazen
23%
1991 Ian Woosnam
23%
1987 Larry Mize
23%
1988 Sandy Lyle
23%
1942 Byron Nelson
16%
1937 Byron Nelson
16%
1970 Billy Casper
11%
1950 Jimmy Demaret
11%
1947 Jimmy Demaret
11%
1940 Jimmy Demaret
11%
1971 Charles Coody
9%
1976 Raymond Floyd
9%
1968 Bob Goalby
8%
1959 Art Wall Jr.
7%
1955 Cary Middlecoff
7%
1948 Claude Harmon
7%
1967 Gay Brewer
7%
1969 George Archer
7%
1973 Tommy Aaron
7%
1957 Doug Ford
6%
1938 Henry Picard
5%
1946 Herman Keiser
5%
1956 Jack Burke Jr.
5%
1939 Ralph Guldahl
5%
No matching quizzes found
Score Distribution
Percent of People with Each Score
Percentile by Number Answered
Your Score History
You have not taken this quiz